| 000 | 00625nam a2200241 i 4500 | ||
|---|---|---|---|
| 001 | C2-0028812 | ||
| 003 | PPAK | ||
| 005 | 20190630222018.0 | ||
| 008 | 970217s1986 enk |||| ||||| | eng d | ||
| 020 | _a0575038306 | ||
| 040 |
_aPPAK _beng _cPPAK _erda |
||
| 082 | 0 | 4 |
_a364.1523 _223 |
| 090 | 0 | 0 |
_a364.1523 _bBOY _dG |
| 100 | 1 |
_aBoyes, Roger, _eauthor |
|
| 245 | 1 | 4 | _aThe priest who had to die |
| 264 | 1 |
_aLondon : _bVictor Gollancz , _c1986 |
|
| 300 |
_a204 pages ; _c23 cm |
||
| 336 |
_2rdacontent _atext |
||
| 337 |
_2rdamedia _aunmediated |
||
| 338 |
_2rdacarrier _avolume |
||
| 650 | 1 | 0 | _aMoody, John |
| 942 |
_ddc _cB |
||
| 999 |
_c5343 _d5343 |
||